Exploring the New Testament : (Record no. 9385)

MARC details
000 -LEADER
fixed length control field 01673cam a2200397 i 4500
001 - CONTROL NUMBER
control field 19219974
003 - CONTROL NUMBER IDENTIFIER
control field GBCCL
005 - DATE AND TIME OF LATEST TRANSACTION
control field 20241126110711.0
008 - FIXED-LENGTH DATA ELEMENTS--GENERAL INFORMATION
fixed length control field 160808s2011 ilub b 001 0 eng
010 ## -
-- 2016036460
020 ## - INTERNATIONAL STANDARD BOOK NUMBER
International Standard Book Number 9780281084623
020 ## - INTERNATIONAL STANDARD BOOK NUMBER
International Standard Book Number 9780281084630
040 ## - CATALOGING SOURCE
Original cataloging agency DLC
Language of cataloging eng
Transcribing agency DLC
Description conventions rda
Modifying agency DLC
042 ## -
-- pcc
050 00 -
-- BS2556
-- .W46 2011
082 00 - DEWEY DECIMAL CLASSIFICATION NUMBER
Classification number 225.61
-- 226.06
Edition information 23
Item number EXP
100 1# - MAIN ENTRY--PERSONAL NAME
Personal name Wenham, David,
Relator term author.
9 (RLIN) 2754
245 10 - TITLE STATEMENT
Title Exploring the New Testament :
Remainder of title a guide to the Gospels & Acts /
Statement of responsibility, etc. David Wenham & Steve Walton.
246 3# -
-- Guide to the Gospels and Acts
250 ## - EDITION STATEMENT
Edition statement Third edition.
260 ## - PUBLICATION, DISTRIBUTION, ETC.
Place of publication, distribution, etc. London :
Name of publisher, distributor, etc. SPCK,
Date of publication, distribution, etc. 2021
300 ## - PHYSICAL DESCRIPTION
Extent xviii, 364 pages :
Other physical details maps ;
Dimensions 26 cm.
336 ## - CONTENT TYPE
Content type term text
Content type code txt
Source rdacontent
337 ## - MEDIA TYPE
Media type term unmediated
Media type code n
Source rdamedia
338 ## - CARRIER TYPE
Carrier type term volume
Carrier type code nc
Source rdacarrier
490 0# - SERIES STATEMENT
Series statement Exploring the Bible. Exploring the New Testament ;
Volume/sequential designation volume 1
504 ## - BIBLIOGRAPHY, ETC. NOTE
Bibliography, etc. note Includes bibliographical references and index.
630 00 - SUBJECT ADDED ENTRY--UNIFORM TITLE
Uniform title Bible.
Name of part/section of a work Gospels
Form subdivision Textbooks.
9 (RLIN) 8882
630 00 - SUBJECT ADDED ENTRY--UNIFORM TITLE
Uniform title Bible.
Name of part/section of a work Acts
Form subdivision Textbooks.
9 (RLIN) 16351
700 1# - ADDED ENTRY--PERSONAL NAME
Personal name Walton, Steve,
Dates associated with a name 1955-
Relator term author.
9 (RLIN) 16352
775 08 - OTHER EDITION ENTRY
Relationship information Revision of:
Title Exploring the New Testament
Place, publisher, and date of publication Downers Grove, Ill. : InterVarsity Press, c2001-c2002
Related parts Vol. 1
Record control number (DLC) 2001024403
776 08 - ADDITIONAL PHYSICAL FORM ENTRY
Relationship information Online version:
Main entry heading Wenham, David, author.
Title Exploring the New Testament
Edition Second editon.
Place, publisher, and date of publication Downers Grove, IL : InterVarsity Press, [2016]
International Standard Book Number 9780830869398
Record control number (DLC) 2016037713
906 ## - LOCAL DATA ELEMENT F, LDF (RLIN)
a 7
b cbc
c orignew
d 1
e ecip
f 20
g y-gencatlg
942 ## - ADDED ENTRY ELEMENTS (KOHA)
Source of classification or shelving scheme Dewey Decimal Classification
Koha item type Books
Koha issues (borrowed), all copies 3
Holdings
Withdrawn status Lost status Source of classification or shelving scheme Damaged status Not for loan Home library Current Library Shelving location Date acquired Total checkouts Total renewals Full call number Barcode Date last seen Date last checked out Copy number Price effective from Koha item type
    Dewey Decimal Classification     GRACE BIBLE COLLEGE GRACE BIBLE COLLEGE Biblical Studies 2022-11-11 5 3 226.06 WEN 015870 2025-07-16 2025-07-14 v.1 2022-11-11 Books
© Grace Bible College Library 2025